Language Quiz

Random Language or Book Quiz

Literature by Definition: William Shakespeare Quiz Stats

 Plays Quiz Updated Aug 20, 2018

Score 0/25 Timer 03:00
4 Plays Today
% Correct
Comedy
95%
Dream
95%
Love
94.9%
Two
94.8%
Venice
94.7%
Taming
94.6%
Winter
94.6%
Labour
94.6%
Night
94.6%
Wives
94.4%
Kinsmen
94.3%
Merchant
94.2%
Midsummer
94.2%
% Correct
Nothing
93.9%
Shrew
93.9%
Merry
93.3%
Lost
93%
Tempest
92.7%
Windsor
92.6%
Measure
92.6%
Much
91.9%
Noble
91.8%
About
91.3%
Errors
91.1%
Ado
89.5%

You're not logged in!

Compare scores with friends on all Sporcle quizzes.
OR
Log In

Sporcle TV

Today on Sporcle TV


Watch our educational content, quiz creation guides, and fun videos on Sporcle TV.

Show Comments

Extras

Top Quizzes Today


Score Distribution

Your Account Isn't Verified!

In order to create a playlist on Sporcle, you need to verify the email address you used during registration. Go to your Sporcle Settings to finish the process.

Report this User

Report this user for behavior that violates our Community Guidelines.

Details: